Computer numerical control: (Record no. 190320)
[ view plain ]
| 000 -LEADER | |
|---|---|
| fixed length control field | 00760nam a2200241Ia 4500 |
| 003 - CONTROL NUMBER IDENTIFIER | |
| control field | OSt |
| 005 - DATE AND TIME OF LATEST TRANSACTION | |
| control field | 20260116095141.0 |
| 008 - FIXED-LENGTH DATA ELEMENTS--GENERAL INFORMATION | |
| fixed length control field | 210716s2007 xx 000 0 und d |
| 020 ## - INTERNATIONAL STANDARD BOOK NUMBER | |
| International Standard Book Number | 9788120333666 |
| 040 ## - CATALOGING SOURCE | |
| Transcribing agency | AIMIT LIBRARY |
| 041 ## - LANGUAGE CODE | |
| Language code of text/sound track or separate title | eng |
| 082 ## - DEWEY DECIMAL CLASSIFICATION NUMBER | |
| Classification number | 621. 9023 |
| Edition number | 3 |
| Item number | STEJ |
| 100 ## - MAIN ENTRY--PERSONAL NAME | |
| Personal name | Stenerson, Jon. |
| 9 (RLIN) | 251366 |
| 245 ## - TITLE STATEMENT | |
| Title | Computer numerical control: |
| Remainder of title | operation and programming / |
| Statement of responsibility, etc. | By Jon Stenerson and Kelly Curran |
| 250 ## - EDITION STATEMENT | |
| Edition statement | 3 |
| 260 ## - PUBLICATION, DISTRIBUTION, ETC. | |
| Place of publication, distribution, etc. | New Delhi |
| Name of publisher, distributor, etc. | PHI Learning Pvt Ltd |
| Date of publication, distribution, etc. | 2007 |
| 300 ## - PHYSICAL DESCRIPTION | |
| Extent | x,514p.; |
| Other physical details | PB |
| Dimensions | 24.5 cm |
| 650 ## - SUBJECT ADDED ENTRY--TOPICAL TERM | |
| Topical term or geographic name entry element | Basic trigonometry |
| 9 (RLIN) | 251367 |
| 650 ## - SUBJECT ADDED ENTRY--TOPICAL TERM | |
| Topical term or geographic name entry element | Fundamentals of matchining centers |
| 9 (RLIN) | 251368 |
| 650 ## - SUBJECT ADDED ENTRY--TOPICAL TERM | |
| Topical term or geographic name entry element | CNC turning machines |
| 9 (RLIN) | 251369 |
| 700 ## - ADDED ENTRY--PERSONAL NAME | |
| Personal name | Curran, Kelly. |
| 9 (RLIN) | 251370 |
| 942 ## - ADDED ENTRY ELEMENTS (KOHA) | |
| Source of classification or shelving scheme | Dewey Decimal Classification |
| Koha item type | Book |
| Edition | 3rd |
| Call number prefix | 621.9023 STEJ |
| Withdrawn status | Lost status | Damaged status | Not for loan | Collection code | Home library | Current library | Source of acquisition | Cost, normal purchase price | Total Checkouts | Full call number | Barcode | Date last seen | Cost, replacement price | Price effective from | Koha item type |
|---|---|---|---|---|---|---|---|---|---|---|---|---|---|---|---|
| MCA | St Aloysius Institute of Management & Information Technology | St Aloysius Institute of Management & Information Technology | Current Books | 450.00 | 621. 9023 STEJ | MCA09828 | 07/21/2025 | 324.00 | 07/16/2021 | Book |